Music Quiz

Random Music or Numbers Quiz

UK #1s - 2001 Quiz Stats

Quiz not verified by Sporcle

Challenge
Share
Tweet
Embed
Score 0/30 Timer 06:00
0 Plays Today
Artist Single % Correct
899. Shaggy featuring RayvonAngel
82.7%
900. Christina Aguilera, P!nk, Mýa & Lil' KimLady Marmalade
77.3%
891. Shaggy featuring RikrokIt Wasn't Me
73.6%
910. Kylie MinogueCan't Get You Out Of My Head
72.7%
890. Atomic KittenWhole Again
71.8%
916. Robbie Williams & Nicole KidmanSomethin' Stupid
71.8%
911. AfromanBecause I Got High
70.9%
889. Limp BizkitRollin'
70%
893. Hear'SayPure & Simple
65.5%
915. Daniel BedingfieldGotta Get Thru This
64.5%
905. So Solid Crew21 Seconds
62.7%
909. DJ ÖtziHey Baby (Uhh, Ahh!)
60.9%
895. Destiny's ChildSurvivor
59.1%
897. Geri HalliwellIt's Raining Men
58.2%
887. Rui Da Silva featuring CassandraTouch Me
55.5%
Artist Single % Correct
896. S Club 7Don't Stop Movin'
51.8%
902. Roger SanchezAnother Chance
51.8%
904. Atomic KittenEternal Flame
51.8%
898. DJ Pied Piper & Masters Of CeremoniesDo You Really Like It?
50%
908. Bob The BuilderMambo No.5
46.4%
894. Emma BuntonWhat Took You So Long
45.5%
903. Robbie WilliamsEternity / The Road To Mandalay
45.5%
888. Jennifer LopezLove Don't Cost A Thing
43.6%
907. BlueToo Close
37.3%
892. WestlifeUptown Girl
35.5%
906. FiveLet's Dance
34.5%
901. Hear'SayThe Way To Your Love
26.4%
912. WestlifeQueen Of My Heart
26.4%
914. S Club 7Have You Ever
26.4%
913. BlueIf You Come Back
25.5%

You're not logged in!

Compare scores with friends on all Sporcle quizzes.
Sign Up with Email
OR
Log In

You Might Also Like...

Show Comments

Extras

Top Quizzes Today


Score Distribution

Your Account Isn't Verified!

In order to create a playlist on Sporcle, you need to verify the email address you used during registration. Go to your Sporcle Settings to finish the process.